LEADER 01617nam a2200277 i 4500 001 000000187198 003 CaOOAMICUS 005 20100311000000.0 008 100311s1927 gw u000 u ger u 013 $a165259 040 $aSeMil$bita 245 10$aVorträge der 2. Sondertagung des Verbandes der Vereine katholischer Akademiker in Kevelaer /$cherausgegeben von Wilhelm Bergmann. 260 $aDüsseldorf :$bL. Schwann,$c1927. 300 $a339 p. ;$c21 cm. 490 0 $aVeröffentlichung des Verbandes der Vereine katholischer Akademiker zur Pflege der katholischen Weltanschauung ;$v. 650 4$aPsicologia e pastorale.$0(OLS)http://semarc/subject/14647 650 4$aPastorale - Chiesa cattolica.$0(OLS)http://semarc/subject/10919 650 4$aPedagogia - Rapporti [con la] Teologia.$0(OLS)http://semarc/subject/14627 700 1 $aBergmann, Wilhelm.$0(OLS)http://semarc/name/8550 700 1 $aKatholischer Akademikerverband.$0(OLS)http://semarc/name/8549 773 0 $tReligion und Seelenleiden.$dDüsseldorf : L. Schwann : [poi]... Augsburg : Literarisches Institut Haas & Grabherr, 1926.$g2$w()19096 830 0$aVeröffentlichung des Verbandes der Vereine katholischer Akademiker zur Pflege der katholischen Weltanschauung ;$v.$0(OLS)http://semarc/title/30940 850 $aSeMil 852 $aSeMil$W1$xVenegono$y1$m2D II 388$j137885$B137885$CSeMilBibl$Z2$F149362 $81 996 $6245$aVorträge der 2. Sondertagung des Verbandes der Vereine katholischer Akademiker in Kevelaer$9(OLS)http://semarc/title/269278 996 $6260$aDüsseldorf :$bL. Schwann$9(OLS)http://semarc/publisher/31430 LEADER 01063nam a2200277 i 4500 001 000000106506 003 CaOOAMICUS 005 20251015102201.0 008 020625s1998 it u000 u ita u 013 $a78700 020 $a88-215-3484-7 040 $aSeMil$bita 100 1 $aGesché, Adolphe,$d<1928-2003>.$0(OLS)http://semarc/name/3599 240 13$aLa destinée.$0(OLS)http://semarc/title/154478 245 13$aIl destino /$cAdolphe Gesché. 300 $a230 p. 490 0 $aUniverso filosofia ;$v15. 650 4$aSalvezza.$0(OLS)http://semarc/subject/8205 773 0 $aGesché, Adolphe <1928-2003>$tDio per pensare.$dCinisello Balsamo : San Paolo, 1996-2012.$g5$w()6929 830 0$aUniverso filosofia ;$v15.$0(OLS)http://semarc/title/9259 850 $aSeMil 852 $aSeMil$W1$xVenegono$y1$m2R III 389$j62638$B62638$CSeMilBibl$Z2$F71817 $81 961 $aAcquisto: San Paolo (Agente) 996 $6020$a88-215-3484-7$9(OLS)http://semarc/number/87194 996 $6245$aIl destino$9(OLS)http://semarc/title/178880 LEADER 00957nam a2200241 i 4500 001 000000107081 003 CaOOAMICUS 005 20050503000000.0 008 050503s2000 it u000 u ita u 013 $a79297 040 $aSeMil$bita 245 10$aQuale spiritualità per il terzo millennio? 260 $aVenezia :$bISE,$c2000. 300 $a132 p. ;$c21 cm. 490 0 $aQuaderni di Studi Ecumenici ;$v1 500 $aSupplemento al n. 3/2000 della rivista "Studi Ecumenici". 650 4$aSpiritualità - Prospettive - Sec. 21.$0(OLS)http://semarc/subject/18672 830 0$aQuaderni di Studi Ecumenici ;$v1.$0(OLS)http://semarc/title/79 850 $aSeMil 852 $aSeMil$W1$xVenegono$y1$m107 1 101$j63178$B63178$CSeMilBibl$Z2$F96940 $85 961 $aCambio: Scuola Cattolica 996 $6245$aQuale spiritualità per il terzo millennio?$9(OLS)http://semarc/title/155280 996 $6260$aVenezia :$bISE$9(OLS)http://semarc/publisher/29648